| 000 | 00672nam a22001577a 4500 | ||
|---|---|---|---|
| 999 |
_c60903 _d60903 |
||
| 005 | 20231115152432.0 | ||
| 008 | 231115s1988 ru ||||| |||| 00| 0 rus d | ||
| 041 | _arus | ||
| 080 | _a031 E-36 | ||
| 245 |
_aЕжегодник Большой советской энциклопедии : _bВып. 32 _c Гл. ред. В. Г. Панов. |
||
| 264 |
_aМосква : _bСоветская энциклопедия, _c1988. |
||
| 300 |
_a591 с.: _bил.; _c27 см. |
||
| 653 | _aდიდი საბჭოთა ენციკლოპედიის წელიწდეული | ||
| 700 |
_aПанов, В. Г. _eრედაქტორი _920402 |
||
| 942 |
_2udc _cBK |
||